Third grade angels / (Record no. 866)

MARC details
000 -LEADER
fixed length control field 01278nam a22003377a 4500
005 - DATE AND TIME OF LATEST TRANSACTION
control field 20230712144655.0
020 ## - INTERNATIONAL STANDARD BOOK NUMBER
International Standard Book Number 9780545387729 (hardback)
020 ## - INTERNATIONAL STANDARD BOOK NUMBER
International Standard Book Number 9780545387736 (paperback)
020 ## - INTERNATIONAL STANDARD BOOK NUMBER
International Standard Book Number 9780545469609 (ebook)
040 ## - CATALOGING SOURCE
Original cataloging agency DLC
Transcribing agency DLC
Language of cataloging eng
Modifying agency DLC
050 00 - LIBRARY OF CONGRESS CALL NUMBER
Classification number PZ7.S75663
Item number Thi 2012
082 00 - DEWEY DECIMAL CLASSIFICATION NUMBER
Classification number 277
Edition number 23
100 1# - MAIN ENTRY--PERSONAL NAME
Personal name Spinelli, Jerry.
245 10 - TITLE STATEMENT
Title Third grade angels /
Statement of responsibility, etc. by Jerry Spinelli ; illustrations by Jennifer A. Bell.
250 ## - EDITION STATEMENT
Edition statement This edition first printing, September 2012.
260 ## - PUBLICATION, DISTRIBUTION, ETC.
Place of publication, distribution, etc. New York :
Name of publisher, distributor, etc. Scholastic,
Date of publication, distribution, etc. 2012.
300 ## - PHYSICAL DESCRIPTION
Extent 134 pages :
Other physical details illustrations
Dimensions 20 cm.
500 ## - GENERAL NOTE
General note Title page signed by author
505 ## - FORMATTED CONTENTS NOTE
Formatted contents note G <br/>
520 ## - SUMMARY, ETC.
Summary, etc. "George 'Suds' Morton competes with his third-grade classmates to earn the first 'halo' of the year for good behavior, but being good turns out to be more stressful than he anticipated"--
Assigning source Provided by publisher.
521 ## - TARGET AUDIENCE NOTE
Target audience note 390 <br/>
Source Lexile <br/>
521 ## - TARGET AUDIENCE NOTE
Target audience note G <br/>
Source Raz-Plus <br/>
650 #1 - SUBJECT ADDED ENTRY--TOPICAL TERM
Topical term or geographic name entry element Friendship
Form subdivision Fiction.
650 #1 - SUBJECT ADDED ENTRY--TOPICAL TERM
Topical term or geographic name entry element Conduct of life
Form subdivision Fiction.
650 #1 - SUBJECT ADDED ENTRY--TOPICAL TERM
Topical term or geographic name entry element Schools
Form subdivision Fiction.
700 1# - ADDED ENTRY--PERSONAL NAME
Personal name Bell, Jennifer
Fuller form of name (Jennifer A.),
Dates associated with a name 1977-
Relator term illustrator.
906 ## - LOCAL DATA ELEMENT F, LDF (RLIN)
a 7
b cbc
c orignew
d 1
e ecip
f 20
g y-gencatlg
942 ## - ADDED ENTRY ELEMENTS (KOHA)
Source of classification or shelving scheme Dewey Decimal Classification
Koha item type Books
Suppress in OPAC No
999 ## -
-- 866
-- 866
Holdings
Withdrawn status Lost status Source of classification or shelving scheme Damaged status Not for loan Collection Home library Current library Shelving location Date acquired Total Checkouts Full call number Barcode Date last seen Date last checked out Price effective from Koha item type Copy number
    Dewey Decimal Classification     Fiction Footprints International School Library Network Toul Kork Campus Footprints International School Library Network Toul Kork Campus TK Primary Library Room(4th Floor), Bookcase 1&2, Shelves 1-16, Dark Blue Books 07/12/2023 3 SPI Fic 277 PZ7.S75663 FISTK00086 04/01/2026 03/25/2026 07/12/2023 Books  
    Dewey Decimal Classification     Fiction Footprints International School Library Network Toul Kork Campus Footprints International School Library Network Toul Kork Campus TTP Primary Dark Blue Bookshelves 09/19/2024   SPI Fic 277 PZ7.S75663 2024-2041 09/19/2024   09/19/2024 Books 2